00521nam a22001697a 450000500170000001000170001702000260003403500170006003700270007708200080010410000250011224500920013726000390022927000500026830000200031850000130033820180416102537.0 aB-690784-785 a9788180423383c400.00 aB-690784-785 bModern Pub. Houseadpl a921 aLotay, Rajinder Kaur aDr. B.R. Ambedkar fighter for liberty, equality & fraternity / cby Rajinder Kaur Lotay aNew DelhibModern Pub. Housec2016 a9, Gole Market, Daryaganj,bNew Delhie110002 a168p.c23cm(Hb) aBalidani